000 00517cam a2200205ua 4500
001 1474
008 110709n ii |||gr||||Z||||||asm
020 _a81-7680-004-1
040 _cMAIN
082 _a320.5
100 1 _aBora, Jogeswar,
_eAuthor.
245 1 _aRajnaitik tatva
_cby Jogeswar Bora
250 _a1st.
260 _aDibrugarh:
_bStudents Emporium,
_c2002.
300 _a386p:
_c23cm.
653 _aPolitical Science
653 _aRajnaitik tatva
700 _aLahan, Thaneswar,
_eAuthor.
942 _cBK
999 _c1363
_d1363